Statystyki dla Znane hity muzyczne polskie i zagraniczne

Kliknij tutaj aby rozwiązać quiz!

Ogólne statystyki

  • Ten quiz został rozwiązany 380 razy
  • Średni wynik to 6 z 16

Statystyki odpowiedzi

ZespółTytuł% Poprawnych
AkcentPrzez twe oczy zielone
74%
Dawid podsiadłoMałomiasteczkowy
61%
BoysJestes szalona
56%
MaanamCykady na cykladach
47%
MetallicaNothing else matters
47%
RotaryNa jednej z dzikich plaż
43%
Akcent (zagraniczny)Kylie
41%
Lady pankZawsze tam gdzie ty
39%
EaglesHotel california
35%
LombardPrzeżyj to sam
35%
RepublikaMamona
30%
Formacja nieżywych schabuffLato
29%
Carlos santana feat rob thomasSmooth
15%
ClassicJolka jolka
10%
Rob thomasLonely no more
9%
Hans, mezo, liber i inniJest nas wielu
2%

Rozkład punktacji

Percentyl według liczby udzielonych odpowiedzi

Procent ludzi z każdym wynikiem

Twoja historia wyników

Nie rozwiązałeś tego quizu